| 000 | 01323nam a22002777a 4500 | ||
|---|---|---|---|
| 005 | 20240530110338.0 | ||
| 008 | 141022s2009 ua o gr 000 0 ara d | ||
| 017 |
_a8021/201 _bمصر . دار الكتب |
||
| 040 | _aEG-CaGPL | ||
| 041 |
_aعربى _aانجليزى |
||
| 082 | 0 | 4 |
_221 _a321.8\ _bق/أ ت |
| 100 | 0 | _aمجدى عبدالحميد | |
| 245 | 1 | 2 |
_aالتقرير السنوى عن حالة الديمقراطية فى مصر عام 2009 / _cاشراف عام مجدى عبدالحميد ؛ اعداد احمد فوزى [ واخ ] |
| 246 | _aDemocracy status in egypt report | ||
| 260 |
_aالقاهرة : _bالجمعية المصرية للنهوض بالمشاركة المجتمعية ، _c2009 |
||
| 300 |
_a363 + 103 ص : _bصور ؛ _c24 سم |
||
| 546 | _aيحتوى على نص باللغة العربية واللغة الانجليزية | ||
| 650 | 0 | 4 | _aالعلوم السياسية |
| 650 | 0 | 4 |
_aالديمقراطية _zمصر _vتقارير (2009 ) |
| 651 | 0 | 4 |
_aمصر _xالاحوال السياسية |
| 700 | 0 |
_aعادل فرج _eمعد |
|
| 700 | 0 |
_aوليد سيد عبدالحليم _eمعد |
|
| 700 | 0 |
_aمحمد عيسى الصروى _eمعد |
|
| 942 |
_2ddc _cBK |
||
| 999 |
_c59825 _d59825 |
||